Statistics for Kendrick Lamar Albums

Click here to take the quiz!

General Stats

  • This quiz has been taken 127 times
  • The average score is 7 of 12

Answer Stats

YearAnswer% Correct
2017DAMN.
99%
2012Good Kid, M.A.A.D City
98%
2015To Pimp A Butterfly
94%
2022Mr. Morale & The Big Steppers
90%
2011Section.80
81%
2018 (S)Black Panther: The Album
79%
2016Untitled Unmastered
69%
2010 (M)Overly Dedicated
50%
2009 (M)C4
12%
2005 (M)Training Day
6%
2004 (M)Y.H.N.I.C. (Hub City Threat: Minor
of the Year)
5%
2007 (M)No Sleep 'Til NYC
3%

Score Distribution

Percentile by Number Answered

Percent of People with Each Score

Your Score History

You have not taken this quiz